Kuşatma : (Record no. 14395)

MARC details
000 -BAŞLIK
Sabit Uzunlukta Kontrol Alanı 00911nam a22002657a 4500
999 ## - SİSTEM KONTROL NUMARALARI (KOHA)
Koha Biblionumber 14395
Koha Biblioitemnumber 14395
003 - KONTROL NUMARASI IDENTIFIER
Denetim Alanı MIRAKIL
005 - SON İŞLEM TARİHİ VE ZAMANI
Denetim Alanı 20211214000619.0
008 - SABİT-BOY VERİ ELEMANLARI - GENEL BİLGİLER
Sabit Uzunlukta Kontrol Alanı 210608b tu ||||| |||| 00| 0 tur d
020 ## - ULUSLARARASI STANDART KİTAP NUMARASI
Uluslararası Standart Kitap Numarası 9789751039095
040 ## - KATALOGLAMA KAYNAK
Orijinal Kataloglama Ajansı TR-AnCHP
Metne Dönüştürmek Ajansı TR-AnCHP
041 ## - DİL KODU
Metin / Ses Parça Veya Ayrı Başlığın Dil Kodu Tur
082 ## - DEWEY ONLU SINIFLANDIRMA NUMARASI
Sınıflandırma Numarası 320.9561
Ürün Numarası Z35k 2018
100 ## - ANA GİRİŞ - KİŞİSEL İSİM
Kişisel Ad Zengin, Gürkan
245 10 - BAŞLIK TABLOSU
Başlık Kuşatma :
Başlığın Kalan Türkiye’nin beka mücadelesi 2013-2017 /
Sorumluluk Tablosu, Vb Gürkan Zengin.
246 ## - UNVAN FORM VARYING
Başlık Doğru / Kısa Başlığı Türkiye’nin beka mücadelesi 2013-2017
260 ## - YAYIN, DAĞITIM, VB
Yayın, Dağıtım, Vb Yeri İstanbul :
Yayıncı, Dağıtıcı, Vs Adı İnkılap Kitabevi,
Yayın, Dağıtım, Vb Tarihi 2018.
300 ## - FİZİKSEL TANIM
Kapsam 461 s.:
Diğer Fiziksel Ayrıntıları fotg.;
Boyutlar 21 sm.
504 ## - KAYNAKÇA VB NOT
Kaynakça Vb Notu Kaynakça ve dizin vardır.
650 #0 - KONU KATMA GİRİŞ - TOPİKAL DÖNEM
Topikal Süreli Veya Coğrafi Ad Giriş Elemanı Siyaset ve yönetim
Genel Alt Bölümü Türkiye
Kronolojik Alt Bölümü 2013-2017
9 (RLIN) 9
650 #0 - KONU KATMA GİRİŞ - TOPİKAL DÖNEM
9 (RLIN) 5876
Topikal Süreli Veya Coğrafi Ad Giriş Elemanı Siyaset ve din
Genel Alt Bölümü Türkiye
650 #0 - KONU KATMA GİRİŞ - TOPİKAL DÖNEM
9 (RLIN) 5221
Topikal Süreli Veya Coğrafi Ad Giriş Elemanı Ordu ve siyaset
Genel Alt Bölümü Türkiye
650 #0 - KONU KATMA GİRİŞ - TOPİKAL DÖNEM
9 (RLIN) 5071
Topikal Süreli Veya Coğrafi Ad Giriş Elemanı Fetö (Fethullahçı Terör Örgütü)
Genel Alt Bölümü Türkiye
740 ## - KATMA GİRİŞ - KONTROLSUZ İLGİLİ / ANALİTİK BAŞLIK
Kontrol Edilmeyen / İlgili Analitik Başlıktaki Türkiye’nin beka mücadelesi 2013-2017
942 ## - EKLENDİ GİRİŞ ELEMANLARI (KOHA)
Sınıflandırma Veya Raf Düzeni Kaynak Dewey Decimal Classification
Koha Öğesi Türü Books
Holdings
Kalıcı Konum Mevcut Konum Edinme Tarihi Toplam Check-Out'Lar Tam Çağrı Numarası Barkod Tarih Son Görülme İtibaren Geçerli Fiyatlar Sigara Kamu Notu Koha Öğesi Türü
CHP Kütüphanesi CHP Kütüphanesi 06/08/2021   320.9561 Z35k 2018 019878 06/08/2021 06/08/2021 Kemal Kılıçdaroğlu bağışıdır. Books